000 00437nam a22001817a 4500
003 MPLRDC
005 20220104142802.0
008 210129b ||||| |||| 00| 0 eng d
020 _a7-216-04476-2
082 _a782.2 WDP
100 _a吴东平
245 _a走近现代名人的后代
_c
250 _a一版一刷
260 _a
_b湖北长江出版
_c2006
300 _b
650 _a中国传记
942 _cBK
_o782.2 WDP
999 _c33694
_d33684